00750 2200241 4500001002100000005001500021035002000036007000300056008004100059020001800100082000800118084001400126100001100140245010900151250002000260260004000280300003600320700001900356700003400375700003500409600002800444856003600472INLIS00000000000261520210727123241 a0010-0721000095ta210727 g 0 ind  a9786028487306 a305 a305 SUY t0 aSuyono1 aTitik Nol :bMulai dari Pemberdayaan masyarakat di kabupaten Lombok /cSuyono, Lalu Fauzan Hadi, Mukhtar acetakan pertama aJakarta :bLembaga Transform,c2005 a94 halaman :bilustrasi ;c23cm0 aEditor; Markum0 aDesain & Lay out; Heryl Ersan0 aKontributor; Lalu kertawan dkk 4aPemberdayaan masyarakat aPerpustakaan Umum Kota Makassar